Condiciones de trabajo y de remuneraciones para la actividad de la construcción
שמור ב:
| מחבר תאגידי: | |
|---|---|
| פורמט: | ספר |
| שפה: | ספרדית |
| יצא לאור: |
Santiago
Sindicato Profesional Nacional de Empleadores de la Construcción
1976
|
| נושאים: | |
| תגים: |
הוספת תג
אין תגיות, היה/י הראשונ/ה לתייג את הרשומה!
|
MARC
| LEADER | 00000nam a2200000 a 4500 | ||
|---|---|---|---|
| 001 | UCU2112 | ||
| 003 | CL-VaPUC | ||
| 008 | 960419e19760000CL |||||||||||||||||spa|d | ||
| 082 | 0 | 4 | |a 690.22 |b MIN |2 21 |
| 110 | 2 | |a Ministerio del Trabajo y Previsión Social |e author |9 358034 | |
| 245 | 1 | 0 | |a Condiciones de trabajo y de remuneraciones para la actividad de la construcción |
| 300 | |a 52 p | ||
| 942 | |c BK | ||
| 945 | |d 19960419 00:00:00 |a paguirre | ||
| 260 | |a Santiago |b Sindicato Profesional Nacional de Empleadores de la Construcción |c 1976 | ||
| 650 | 0 | |a Seguridad |9 354178 | |
| 650 | 7 | |a SEGURIDAD DEL EMPLEO |2 CL-VaPUC |9 358035 | |
| 650 | 0 | |a Salarios |9 255321 | |
| 650 | 7 | |a TRABAJADORES DE LA COSNTRUCCION |2 CL-VaPUC |9 358036 | |
| 650 | 7 | |a PERSONAL |2 CL-VaPUC |9 343747 | |
| 650 | 0 | |a Legislación laboral |9 320826 | |
| 583 | |a last modification |c 19960419 00:00:00 |k Rodrigo Vera | ||
| 999 | |c 246500 |d 246498 | ||